000 00668nam a2200241Ia 4500
005 20260430150204.0
008 008 250103s9999 xx 000 0 eng d
037 _aTheses
040 _aCRL
040 _beng
040 _ceng
041 _2eng
041 _aeng
084 _qCRL
100 _aSeth Nidhi Au.; Ranganathan Namita Gu.
_91236739
245 0 _aRole of english textbooks in promoting respect for diversity among secondary school students
260 _c2021
300 _a321p.
650 _aEducation
700 _aUniversity of Delhi. Faculty of Education. Deptarment of Education
_91236734
942 _cTH
999 _c1849171
_d1849171